1766 1993 1648 1150 1786 1987 1817 1496 1866 1554 1103 1462 1206 1927 1035 1265 1296 1122 1839 1683 1906 1102 1326 1239 1433 1617 1168 1925 1406 1432 1359 1242 1955 1600 1636 1418 1953 1263 1119 1471 1296 1088 1167 1839 1865 1015 1969 1880 1621 1716 1763 1799 1655 1995 1565 1327 1554 1326 1429 1295 1436 1518 1568 1326 1877 1446 1176 1354 1307 1606 1814 1735 1348 1089 1225 1072 1695 1064 1988 1452 1433 1503 1143 1440 1206 1324 1979 1388 1119 1105 1862 1006 1767 1820 1462 1619 1169 1503 1980 BCNSPRNW ULIB Ver.6.0+V

เปลี่ยนเป็นภาษาไทย

Change to English
 แสดงรายละเอียดบรรณานุกรม
  กลับหน้าหลัก

Brief Record : Get Marc (ISO 2709) : E-mail record : QR code < ปิดหน้าต่าง
LEADER : 00000nam 2200000uu 4500
001    13399112521
003     ULIB
008    110819s2550||||th 000 0 tha d
020    9747195518
050 04 LB2369^bม161ก 2551
100 0  มนสิช สิทธิสมบูรณ์
245 10 ชุดฝึกปฏิบัติการเหนือตำรา :^bการทำวิจัยในชั้นเรียน /^cมนสิช สิทธิสมบูรณ์
250    พิมพ์ครั้งที่ 3
260    พิษณุโลก :^bคณะศึกษาศาสตร์ มหาวิทยาลัยนเรศวร,^c2550
300    69 หน้า ;^c30 ซม
650  7 วิจัยเชิงปฏิบัติการ
650  7 ขั้นเรียน^xวิจัย
945    ^p143^l0^i027085
945    ^p143^l0^i027086
995    ทศพร
999 ^a ทศพร
รายการนี้ยังไม่มีแท็ก
คุณยังไม่ได้ล็อกอิน คุณสามารถมีกิจกรรมร่วมกับเว็บไซต์ได้ แต่ต้องล็อกอินก่อน ::
  ล็อกอิน

รายการสื่อสารสนเทศ

ลำดับที่ ประเภท เลขเรียก/บาร์โค้ด สถานที่ สถานะ
- ไม่พบข้อมูล -

รายการใกล้เคียง
    ผู้แต่ง [มนสิช สิทธิสมบูรณ์]

    หัวเรื่อง [วิจัยเชิงปฏิบัติการ]

BibComment


ยังไม่เคยถูกคอมเมนท์

คอมเมนท์ทรัพยากรรายการนี้
  คอมเมนท์: ชุดฝึกปฏิบัติการเ..


 Copyright 2026. Bcnsprnw @Library